Easy Logos. - Statistics

General Stats
  • This quiz has been taken 2,445 times
  • The average score is 14 of 15
Answer Stats
Picture Answer % Correct
Apple
99%
Google
99%
Lego
98%
Twitter
98%
Facebook
97%
McDonalds
97%
Instagram
96%
Target
96%
Snickers
93%
IKEA
92%
Wendy's
92%
Walmart
89%
Gatorade
85%
UPS
75%
T-Mobile
72%
No matching quizzes found
Score Distribution
Percent of People with Each Score
Percentile by Number Answered
Your Score History
You have not taken this quiz